[Event "Ì17Â"]
[Site "Loo"]
[Date "2017.04.28"]
[Round "9.15"]
[White "Ïàâëîâ, Äàíèëà."]
[Black "Ñàêóëî, Äåíèñ."]
[Result "1/2-1/2"]
[WhiteElo "2253"]
[BlackElo "2147"]
[PlyCount "80"]
[EventDate "2017.04.20"]

1. e4 c6 2. Nc3 d5 3. Nf3 dxe4 4. Nxe4 Nd7 5. d4 Ngf6 6. Nxf6+ Nxf6 7. Bd3 Bg4
8. c3 e6 9. h3 Bh5 10. Bd2 Be7 11. Be2 O-O 12. g4 Bg6 13. Ne5 c5 14. Nxg6 hxg6
15. Qa4 cxd4 16. O-O-O dxc3 17. Bxc3 Nd5 18. Bd4 Bf6 19. Kb1 Bxd4 20. Qxd4 Qh4
21. Rd3 Rfd8 22. Rhd1 g5 23. Bf3 b6 24. R1d2 Rd7 25. a3 Rad8 26. Qe5 a5 27. Ka2
Qh6 28. Bxd5 exd5 29. Rxd5 Rxd5 30. Rxd5 Rxd5 31. Qxd5 Qf6 32. f3 g6 33. a4 Qf4
34. Qc6 Kh7 35. Kb3 Qb4+ 36. Ka2 Qd4 37. Kb3 Qb4+ 38. Ka2 Qd4 39. Kb3 Qb4+ 40.
Ka2 Qd4 1/2-1/2

[Event "Ì17Â"]
[Site "Loo"]
[Date "2017.04.28"]
[Round "9.16"]
[White "Ìåñíÿíêèí, Íèêèòà."]
[Black "Êîíîíîâ, Âëàäèñëàâ."]
[Result "1-0"]
[WhiteElo "2204"]
[BlackElo "2092"]
[PlyCount "61"]
[EventDate "2017.04.20"]

1. e4 c5 2. Nf3 Nc6 3. d4 cxd4 4. Nxd4 e5 5. Nb5 a6 6. Nd6+ Bxd6 7. Qxd6 Qe7 8.
Qxe7+ Ngxe7 9. Bd3 d5 10. exd5 Nxd5 11. a3 Be6 12. O-O O-O-O 13. Re1 f6 14. Bd2
Nb6 15. b3 g6 16. Nc3 Nd4 17. Be3 Kc7 18. f4 Nxb3 19. Rad1 Nd4 20. fxe5 f5 21.
Rb1 Nc8 22. Na4 Ne7 23. Nc5 Bc8 24. e6 Kc6 25. Nb3 Nxe6 26. Na5+ Kd6 27. Red1
Ke5 28. Bc1 Rhe8 29. Bb2+ Kf4 30. Bf6 Rd5 31. Rf1+ 1-0

[Event "Ì17Â"]
[Site "Loo"]
[Date "2017.04.28"]
[Round "9.17"]
[White "Ìíàöàêàíÿí, Àðñåí."]
[Black "Ïðèâîðîòñêèé, Îëåã."]
[Result "1-0"]
[WhiteElo "2274"]
[BlackElo "2164"]
[PlyCount "46"]
[EventDate "2017.04.20"]

1. e4 c5 2. Nc3 Nc6 3. g3 g6 4. Bg2 Bg7 5. Nge2 e6 6. d3 Nge7 7. O-O O-O 8. f4
d5 9. g4 f5 10. gxf5 gxf5 11. e5 Rb8 12. a4 a6 13. Kh1 d4 14. Nb1 Nd5 15. c4
dxc3 16. bxc3 b5 17. axb5 axb5 18. Na3 b4 19. c4 Nde7 20. Nb5 Bb7 21. Be3 Qb6
22. Qe1 Rbd8 23. Qf2 Kh8 1-0

[Event "Ì17Â"]
[Site "Loo"]
[Date "2017.04.28"]
[Round "9.18"]
[White "Ãåéâîíäÿí, Àðñåí."]
[Black "Ôàõðåòäèíîâ, Ðèíàò."]
[Result "0-1"]
[WhiteElo "1945"]
[BlackElo "2248"]
[PlyCount "38"]
[EventDate "2017.04.20"]

1. d4 d5 2. c4 Bf5 3. Nf3 e6 4. Nc3 c6 5. Bg5 Be7 6. Bxe7 Qxe7 7. Qb3 Nf6 8. e3
O-O 9. Ne5 c5 10. cxd5 cxd4 11. exd4 Nxd5 12. Be2 Nc6 13. Nxc6 bxc6 14. O-O
Rab8 15. Qc4 Rxb2 16. Rfc1 Qg5 17. Nd1 Nf4 18. Bf3 Re2 19. Kf1 Bd3 0-1

[Event "Ì17Â"]
[Site "Loo"]
[Date "2017.04.28"]
[Round "9.19"]
[White "Âîéíèêîíèñ, Íèêèòà."]
[Black "Ñòåïàíîâ, Àíäðåé."]
[Result "0-1"]
[WhiteElo "2060"]
[BlackElo "2147"]
[PlyCount "47"]
[EventDate "2017.04.20"]

1. e4 c5 2. Nf3 e6 3. d4 cxd4 4. Nxd4 Nc6 5. Nb5 d6 6. c4 Nf6 7. N1c3 a6 8. Na3
Be7 9. Be2 O-O 10. O-O b6 11. Be3 Bb7 12. Qd2 Rc8 13. Rfd1 Re8 14. Rac1 Qc7 15.
Bf1 Ne5 16. Kh1 Ned7 17. b4 Qb8 18. Bf4 Qa7 19. Be3 Qb8 20. Rb1 d5 21. cxd5 Qe5
22. Bd4 Qh5 23. g4 Nxg4 24. f4 0-1

[Event "Ì17Â"]
[Site "Loo"]
[Date "2017.04.28"]
[Round "9.20"]
[White "Ãëóõîâ, Äìèòðèé."]
[Black "Ãóðüÿíîâ, Äàíèë."]
[Result "1/2-1/2"]
[WhiteElo "2028"]
[BlackElo "2116"]
[PlyCount "47"]
[EventDate "2017.04.20"]

1. d4 Nf6 2. c4 e6 3. g3 d5 4. Nf3 Be7 5. Bg2 O-O 6. O-O dxc4 7. Ne5 c5 8. dxc5
Qc7 9. Nxc4 Qxc5 10. Nba3 Rd8 11. Qb3 Nc6 12. Be3 Qh5 13. Rfe1 e5 14. f3 a5 15.
Bf2 b6 16. Rad1 Be6 17. Qc2 Bxa3 18. Nxa3 Rac8 19. Qb1 Nb4 20. Rxd8+ Rxd8 21.
Rd1 Qg5 22. b3 Rxd1+ 23. Qxd1 Nxa2 24. f4 1/2-1/2

[Event "Ì17Â"]
[Site "Loo"]
[Date "2017.04.28"]
[Round "9.21"]
[White "Ëèëîâ, Àëåêñàíäð."]
[Black "Åëèñååâ, Åãîð."]
[Result "1-0"]
[WhiteElo "2088"]
[BlackElo "1834"]
[PlyCount "45"]
[EventDate "2017.04.20"]

1. e4 c5 2. Nf3 e6 3. d4 cxd4 4. Nxd4 Nc6 5. Nc3 a6 6. Be2 Qc7 7. O-O Nf6 8.
Kh1 Bb4 9. Nxc6 Qxc6 10. e5 Bxc3 11. bxc3 Qxc3 12. exf6 Qxa1 13. fxg7 Qxg7 14.
Ba3 Rg8 15. Bf3 Qe5 16. Bd6 Qc3 17. Be4 h6 18. Re1 a5 19. Re3 Qc4 20. Qa1 a4
21. h3 Qb5 22. Qf6 Qg5 23. Rg3 1-0

[Event "Ì17Â"]
[Site "Loo"]
[Date "2017.04.28"]
[Round "9.22"]
[White "Àðáóçîâ, Ìèõàèë."]
[Black "Çàõàðîâ, Íèêîëàé."]
[Result "1/2-1/2"]
[WhiteElo "2048"]
[BlackElo "1968"]
[PlyCount "80"]
[EventDate "2017.04.20"]

1. f4 Nc6 2. Nf3 d5 3. g3 h5 4. Bg2 h4 5. Nxh4 e5 6. Nf3 exf4 7. gxf4 Bh3 8.
Bxh3 Rxh3 9. d4 Qd7 10. Be3 O-O-O 11. Nbd2 Re8 12. Bf2 Bd6 13. Ne5 Bxe5 14.
fxe5 f6 15. Nf3 fxe5 16. dxe5 Nxe5 17. Nxe5 Rxe5 18. Qd4 Re4 19. Qxa7 Qb5 20.
O-O-O Ne7 21. Rd3 Rh5 22. Rb3 Rb4 23. Rxb4 Qxb4 24. Qd4 Qxd4 25. Bxd4 g6 26.
Kd2 Kd7 27. Bf2 Nf5 28. c3 g5 29. Be1 Nd6 30. Bf2 Ne4+ 31. Ke1 g4 32. Rg1 Rxh2
33. Be3 Rh3 34. Bf4 g3 35. Kf1 c5 36. Kg2 Rh8 37. Be3 Ra8 38. a3 Re8 39. Bf4
Kc6 40. Kf3 Re6 1/2-1/2

[Event "Ì17Â"]
[Site "Loo"]
[Date "2017.04.28"]
[Round "9.23"]
[White "Áàáàíèí, Ãëåá."]
[Black "Òþðèí, Èëüÿ."]
[Result "1-0"]
[WhiteElo "2054"]
[BlackElo "2019"]
[PlyCount "62"]
[EventDate "2017.04.20"]

1. e4 e6 2. d4 d5 3. Nc3 Nf6 4. e5 Nfd7 5. f4 c5 6. Nf3 Nc6 7. Be3 Be7 8. Qd2
O-O 9. Be2 a6 10. O-O b5 11. dxc5 Bxc5 12. Bxc5 Nxc5 13. Bd3 g6 14. Qf2 Qe7 15.
Ne2 Bd7 16. Ned4 Nxd4 17. Nxd4 Rac8 18. Qe3 Rc7 19. a3 Rfc8 20. b4 Na4 21. g4
Qh4 22. g5 h6 23. Rf3 hxg5 24. fxg5 Nb2 25. Rh3 Qg4+ 26. Rg3 Nd1 27. Rxg4 Nxe3
28. Rg3 Nf5 29. Bxf5 exf5 30. Rf1 Rc4 31. Rd3 Kf8 1-0

[Event "Ì17Â"]
[Site "Loo"]
[Date "2017.04.28"]
[Round "9.24"]
[White "Àõòàðèåâ, Àíäðåé."]
[Black "Òîêìàøîâ, Ìàêñèì."]
[Result "0-1"]
[WhiteElo "2008"]
[BlackElo "2067"]
[PlyCount "104"]
[EventDate "2017.04.20"]

1. e4 c5 2. Nf3 d6 3. d4 Nf6 4. Nc3 cxd4 5. Nxd4 e6 6. Be2 a6 7. O-O Be7 8. Kh1
O-O 9. f4 Qc7 10. Qe1 b5 11. a3 Bb7 12. Bf3 Nc6 13. Be3 Nxd4 14. Bxd4 e5 15.
Be3 exf4 16. Bxf4 Nd7 17. a4 Bc6 18. axb5 axb5 19. Qg3 Ne5 20. Rxa8 Rxa8 21.
Bxe5 dxe5 22. Nd5 Bxd5 23. exd5 Bd6 24. Be4 g6 25. h4 Qe7 26. b3 Kh8 27. Qg5
Qxg5 28. hxg5 Kg7 29. c4 bxc4 30. bxc4 Rc8 31. Rf6 Rxc4 32. Rxd6 Rxe4 33. Rd8
Rd4 34. d6 h6 35. gxh6+ Kxh6 36. d7 Kg5 37. Re8 Rxd7 38. Rxe5+ Kf4 39. Ra5 f5
40. Ra4+ Ke3 41. Ra3+ Rd3 42. Ra6 g5 43. Re6+ Kf4 44. Kg1 Kg3 45. Re1 f4 46.
Rf1 g4 47. Kh1 Rd2 48. Rg1 Ra2 49. Rf1 f3 50. gxf3 gxf3 51. Rg1+ Rg2 52. Rf1
Rh2+ 0-1

[Event "Ì17Â"]
[Site "Loo"]
[Date "2017.04.28"]
[Round "9.25"]
[White "Àíòîíÿí, Ãðàíò."]
[Black "Ëåîíîâ, Îëåã."]
[Result "1/2-1/2"]
[WhiteElo "2059"]
[BlackElo "1835"]
[PlyCount "80"]
[EventDate "2017.04.20"]

1. e4 c5 2. Nf3 e6 3. d4 cxd4 4. Nxd4 Nf6 5. Nc3 d6 6. g4 Nc6 7. g5 Nd7 8. Be3
a6 9. h4 Qc7 10. Qd2 b5 11. a3 Bb7 12. O-O-O Na5 13. h5 Ne5 14. f4 Nec4 15.
Bxc4 Nxc4 16. Qd3 Nxe3 17. Qxe3 O-O-O 18. f5 e5 19. Nb3 Kb8 20. Nd5 Bxd5 21.
exd5 Be7 22. h6 Rc8 23. c3 gxh6 24. f6 Bd8 25. Rxh6 Qc4 26. Nd2 Qc7 27. Rdh1 a5
28. Rxh7 Rxh7 29. Rxh7 b4 30. c4 Qb7 31. Kb1 Bb6 32. Qd3 Rc7 33. Ne4 Rd7 34.
Rxf7 Rxf7 35. Nxd6 Qd7 36. Nxf7 Qxf7 37. Qf5 Qh5 38. Qxe5+ Ka7 39. Qe7+ Ka6 40.
Qe1 b3 1/2-1/2

[Event "Ì17Â"]
[Site "Loo"]
[Date "2017.04.28"]
[Round "9.26"]
[White "×èæî, Àëåêñàíäð."]
[Black "Èâàíîâ, Êèðèëë."]
[Result "1/2-1/2"]
[WhiteElo "1962"]
[BlackElo "1943"]
[PlyCount "82"]
[EventDate "2017.04.20"]

1. d4 e6 2. c4 Nf6 3. e3 b6 4. Nf3 Bb7 5. Bd3 d5 6. Nc3 Bd6 7. O-O O-O 8. b3
Ne4 9. Bb2 Nd7 10. Qc2 f5 11. cxd5 exd5 12. Nb5 a6 13. Nxd6 cxd6 14. Rac1 Rc8
15. Qe2 b5 16. Rxc8 Bxc8 17. Rc1 g5 18. Ne1 g4 19. f3 gxf3 20. Qxf3 Ndf6 21.
Nc2 Ng4 22. g3 Qa5 23. Ba3 Qd2 24. Qe2 Qa5 25. Rf1 Rf6 26. Bxe4 dxe4 27. h3 Nh6
28. Qe1 Qc7 29. Nb4 Rg6 30. Kh2 Bb7 31. Qf2 a5 32. Nc2 b4 33. Bb2 d5 34. Ne1
Ba6 35. Rg1 Bc8 36. Ng2 Ng4+ 37. hxg4 Rh6+ 38. Nh4 Rxh4+ 39. Kg2 Rxg4 40. Rc1
Qb8 41. Qc2 Ba6 1/2-1/2

[Event "Ì17Â"]
[Site "Loo"]
[Date "2017.04.28"]
[Round "9.27"]
[White "Ñàðàòîâñêèé, Äìèòðèé."]
[Black "Áîíäàðåíêî, Ìèøåëü."]
[Result "1-0"]
[WhiteElo "1929"]
[BlackElo "1858"]
[PlyCount "93"]
[EventDate "2017.04.20"]

1. d4 Nf6 2. c4 g6 3. Nc3 d5 4. cxd5 Nxd5 5. e4 Nxc3 6. bxc3 Bg7 7. Bc4 c5 8.
Ne2 Nc6 9. Be3 Qa5 10. O-O O-O 11. Qc1 e6 12. f3 b5 13. Bb3 c4 14. Bc2 Rd8 15.
Rd1 b4 16. cxb4 Qxb4 17. Rb1 Qa5 18. Kh1 Qc7 19. d5 exd5 20. exd5 Ne7 21. Be4
Rb8 22. Rxb8 Qxb8 23. Qxc4 Bf5 24. Nd4 Bxe4 25. fxe4 Qe5 26. Nf3 Qb8 27. Rf1
Rc8 28. Qa4 Qc7 29. Rc1 Qxc1+ 30. Bxc1 Rxc1+ 31. Ng1 Bf6 32. g3 Kg7 33. Kg2 g5
34. Ne2 Re1 35. Kf2 Rh1 36. d6 Rxh2+ 37. Ke3 Ng6 38. Nd4 Ne5 39. Nf5+ Kg6 40.
Qe8 Ng4+ 41. Kd3 Ne5+ 42. Kc3 Kh5 43. Kb3 Rd2 44. g4+ Kxg4 45. Ne3+ Kf4 46.
Nd5+ Rxd5 47. exd5 1-0

[Event "Ä17Ï"]
[Site "Loo"]
[Date "2017.04.28"]
[Round "9.1"]
[White "Êðàïèâèíà, Ãàëèíà."]
[Black "Êîâàë¸âà, Åêàòåðèíà."]
[Result "1-0"]
[WhiteElo "1744"]
[BlackElo "1974"]
[PlyCount "99"]
[EventDate "2017.04.20"]

1. e4 c5 2. Nf3 e6 3. d4 cxd4 4. Nxd4 Nc6 5. Nxc6 bxc6 6. Bd3 d5 7. O-O Bc5 8.
Nc3 Ne7 9. Qh5 Ng6 10. exd5 cxd5 11. Bg5 Qc7 12. Kh1 O-O 13. Rae1 Rb8 14. Bc1
Rb4 15. f4 f5 16. Ne2 Ne7 17. a3 Rb6 18. b4 Bd6 19. Nd4 Nc6 20. Nxe6 Bxe6 21.
Rxe6 Nd4 22. Re8 Rb8 23. Rxb8 Qxb8 24. Bb2 a6 25. Qd1 Ne6 26. g3 a5 27. Be2
axb4 28. Qxd5 Re8 29. a4 Qa8 30. Qxa8 Rxa8 31. Bc4 Kf7 32. Re1 Re8 33. Bd4 Bc7
34. Kg2 Bd8 35. Kf3 Bc7 36. Re2 Bd8 37. Kf2 Bc7 38. Ke1 h6 39. Bc5 Ba5 40. Kd1
Kf6 41. Bd4+ Kf7 42. Kc1 g5 43. Kb2 gxf4 44. gxf4 Bc7 45. Be5 Bxe5+ 46. Rxe5
Kf6 47. Rxe6+ Rxe6 48. Bxe6 Kxe6 49. Kb3 Kd5 50. Kxb4 1-0

[Event "Ä17Ï"]
[Site "Loo"]
[Date "2017.04.28"]
[Round "9.2"]
[White "Äàíèëîâà, Ðàäà."]
[Black "Áó÷èíà, Ïîëèíà."]
[Result "1/2-1/2"]
[WhiteElo "1828"]
[BlackElo "1787"]
[PlyCount "88"]
[EventDate "2017.04.20"]

1. d4 d5 2. c4 e6 3. Nf3 Nf6 4. g3 Be7 5. Bg2 O-O 6. O-O b6 7. b3 Bb7 8. Bb2 c5
9. Ne5 Qc7 10. e3 cxd4 11. Bxd4 dxc4 12. Bxb7 Qxb7 13. Nxc4 Nc6 14. Bb2 b5 15.
Ne5 Rfd8 16. Qf3 Rac8 17. Rc1 Rd5 18. Nxc6 Rxc6 19. Rxc6 Qxc6 20. Nc3 Rc5 21.
Qxc6 Rxc6 22. Nxb5 Rc2 23. Ba3 Bxa3 24. Nxa3 Rd2 25. Rc1 g6 26. Rc2 Rd1+ 27.
Kg2 Nd5 28. Nb5 Nb4 29. Rc8+ Kg7 30. a3 Nd3 31. Nc3 Rc1 32. Rc4 Ne1+ 33. Kh3
Rc2 34. Ne4 Rb2 35. g4 Rxb3 36. Ra4 Rb7 37. Kg3 Nd3 38. Rd4 Ne5 39. Nd6 Rd7 40.
f4 Nc6 41. Rc4 Na5 42. Ra4 Nc6 43. Rc4 Na5 44. Ra4 Nc6 1/2-1/2

[Event "Ä17Ï"]
[Site "Loo"]
[Date "2017.04.28"]
[Round "9.3"]
[White "Òàòàðèíîâà, Åëåíà."]
[Black "Ñàì÷åíêî, Ñåðàôèìà."]
[Result "1-0"]
[WhiteElo "1840"]
[BlackElo "1734"]
[PlyCount "63"]
[EventDate "2017.04.20"]

1. c4 e5 2. Nc3 Nc6 3. g3 g6 4. Bg2 Bg7 5. Nf3 d6 6. O-O f5 7. d3 Nf6 8. Rb1
O-O 9. b4 h6 10. b5 Ne7 11. a4 g5 12. Ba3 f4 13. c5 Kh8 14. Qb3 Nf5 15. a5 Qe8
16. a6 Rb8 17. cxd6 cxd6 18. Ne4 Qd8 19. Nxd6 Nxd6 20. Nxe5 Kh7 21. Rfc1 Nfe8
22. d4 fxg3 23. fxg3 Bf5 24. axb7 Bxe5 25. dxe5 Bxb1 26. Qxb1+ Kg7 27. exd6
Nxd6 28. Bb2+ Kf7 29. Qh7+ Ke6 30. Bh3+ Nf5 31. Rc6+ Qd6 32. Bxf5+ 1-0

[Event "Ä17Ï"]
[Site "Loo"]
[Date "2017.04.28"]
[Round "9.4"]
[White "Ìàðòûø, Äàðüÿ."]
[Black "Ïåòðîâà, Ìàðèÿ."]
[Result "1-0"]
[WhiteElo "1661"]
[BlackElo "1835"]
[PlyCount "78"]
[EventDate "2017.04.20"]

1. e4 c5 2. b3 Nf6 3. e5 Nd5 4. c4 Nb4 5. Bb2 d5 6. d4 cxd4 7. a3 N4c6 8. Nf3
dxc4 9. Bxc4 Nxe5 10. Nxe5 Qa5+ 11. Nd2 Qxe5+ 12. Be2 Bg4 13. f3 Be6 14. Ne4
Nc6 15. Rc1 Bd5 16. Nc5 b6 17. Nd3 Qd6 18. b4 e5 19. O-O Be7 20. b5 Na5 21. Nb4
Rd8 22. Nxd5 Qxd5 23. Bd3 O-O 24. Rc7 Bc5 25. Rxa7 f5 26. Qe1 Rde8 27. Kh1 e4
28. Qg3 Re7 29. fxe4 Qe5 30. Rxe7 Qxg3 31. hxg3 Bxe7 32. exf5 Bc5 33. Rf4 Rd8
34. g4 h6 35. f6 g5 36. Rf1 Kf7 37. Bb1 Rd6 38. Ba2+ Kf8 39. f7 d3 1-0

[Event "Ä17Ï"]
[Site "Loo"]
[Date "2017.04.28"]
[Round "9.5"]
[White "Ôîíÿê, Ìàðèíà."]
[Black "Ïðîòàñîâà, Àíàñòàñèÿ."]
[Result "1/2-1/2"]
[WhiteElo "1780"]
[BlackElo "1801"]
[PlyCount "196"]
[EventDate "2017.04.20"]

1. e4 c6 2. d4 d5 3. e5 Bf5 4. Nf3 e6 5. Be2 Bb4+ 6. c3 Ba5 7. O-O h6 8. Nbd2
Ne7 9. a4 O-O 10. Nb3 Bc7 11. Nh4 Bh7 12. f4 Nd7 13. g4 f6 14. Be3 fxe5 15.
dxe5 Nc8 16. Nf3 Bb6 17. Nfd4 Qe7 18. Bf3 a5 19. Qd2 Nc5 20. Nxc5 Bxc5 21. Rac1
Nb6 22. b3 Nd7 23. Kh1 Ra6 24. Qe2 Bxd4 25. cxd4 Qb4 26. Qa2 Rb6 27. Bd1 Bd3
28. Be2 Qxb3 29. Qd2 Be4+ 30. Bf3 Qd3 31. Kg1 Rb3 32. Qxd3 Bxd3 33. Rf2 Bc4 34.
Re1 c5 35. Bd1 Rb6 36. f5 cxd4 37. Bxd4 Rc6 38. Re3 Re8 39. Bc2 b6 40. fxe6
Rexe6 41. Bf5 Re7 42. e6 Nc5 43. Bxc5 bxc5 44. Rb2 Rc8 45. Bg6 Rf8 46. Bf7+ Kh7
47. g5 g6 48. Rf2 Kg7 49. gxh6+ Kxh6 50. Rg3 Rexf7 51. Rxf7 Rxf7 52. exf7 Kg7
53. Rxg6+ Kxf7 54. Rc6 Bb3 55. Rxc5 d4 56. Rxa5 d3 57. Rf5+ Kg6 58. Rf2 Bxa4
59. Rd2 Bc2 60. Kg2 Bb1 61. Kg3 Kh5 62. h3 Bc2 63. h4 Bb1 64. Kf4 Bc2 65. Rg2
Bd1 66. Rd2 Be2 67. Kg3 Bf1 68. Rb2 Be2 69. Rb5+ Kh6 70. Rd5 Kg6 71. Kf4 Kh6
72. Kg3 Kg6 73. Kf2 Kh6 74. Ke3 Kg6 75. Kd2 Kh6 76. Kc3 Kg6 77. Kb4 Kh6 78. Kc5
Bf1 79. Kd6 Be2 80. Ke6 Bg4+ 81. Kf6 Be2 82. h5 Bf1 83. Kf7 Be2 84. Kf6 Bf1 85.
Ke6 Be2 86. Kd6 Bf1 87. Kc5 Be2 88. Kb4 Bxh5 89. Rxd3 Kg5 90. Rd4 Bf7 91. Kc5
Kf6 92. Kd6 Kg7 93. Rg4+ Kh8 94. Ke7 Bg8 95. Kf6 Bh7 96. Kf7 Bd3 97. Rd4 Bc2
98. Rd2 Bb1 1/2-1/2

[Event "Ä17Ï"]
[Site "Loo"]
[Date "2017.04.28"]
[Round "9.6"]
[White "Êóðêîâà, Ñîôüÿ."]
[Black "Çàõàðîâà, Äèàíà."]
[Result "0-1"]
[WhiteElo "1656"]
[BlackElo "1720"]
[PlyCount "120"]
[EventDate "2017.04.20"]

1. c4 c5 2. Nc3 Nc6 3. g3 e6 4. Bg2 Nf6 5. Nf3 d5 6. cxd5 exd5 7. d3 Be7 8. O-O
O-O 9. Bg5 h6 10. Bf4 d4 11. Nb5 Nd5 12. Qc1 Be6 13. Na3 Nxf4 14. Qxf4 Bd6 15.
Qc1 Re8 16. Re1 Bd5 17. Nc4 Bc7 18. e4 dxe3 19. Nxe3 Bxf3 20. Bxf3 Ne5 21. Be4
Nxd3 22. Bxd3 Qxd3 23. Qxc5 Bb6 24. Qc3 Qxc3 25. bxc3 Bxe3 26. fxe3 Rac8 27.
Rac1 Re4 28. Re2 Rec4 29. Rb2 Rxc3 30. Rxc3 Rxc3 31. Rxb7 Rc1+ 32. Kf2 Rc2+ 33.
Kf3 Rxa2 34. h4 a5 35. Ra7 a4 36. Ke4 a3 37. Ke5 Ra1 38. e4 a2 39. g4 Kh7 40.
h5 f6+ 41. Ke6 Rg1 42. Rxa2 Rxg4 43. Kf5 Rg5+ 44. Kf4 Rxh5 45. Rg2 Re5 46. Rc2
g5+ 47. Kf3 Kg6 48. Rc8 f5 49. exf5+ Rxf5+ 50. Kg3 Rd5 51. Rg8+ Kh5 52. Rg7
Rd3+ 53. Kg2 Kg4 54. Rf7 Rd2+ 55. Kf1 h5 56. Rh7 h4 57. Rf7 Kg3 58. Kg1 Rd1+
59. Rf1 Rxf1+ 60. Kxf1 Kh2 0-1

[Event "Ä17Ï"]
[Site "Loo"]
[Date "2017.04.28"]
[Round "9.7"]
[White "Áåëÿêîâà, Èëîíà."]
[Black "Áåçâåðõàÿ, Ìàðèíà."]
[Result "1-0"]
[WhiteElo "1600"]
[BlackElo "1758"]
[PlyCount "113"]
[EventDate "2017.04.20"]

1. d4 d5 2. Nf3 Nf6 3. c4 c6 4. Qc2 e6 5. Nbd2 Nbd7 6. g3 Bd6 7. Bg2 O-O 8. O-O
Re8 9. e4 dxe4 10. Nxe4 Nxe4 11. Qxe4 e5 12. Rd1 Nf6 13. Qc2 exd4 14. c5 Be5
15. Nxe5 Rxe5 16. Bf4 Re8 17. Bd6 Be6 18. Rxd4 Nd5 19. Re1 Qa5 20. b4 Qd8 21.
a4 Qf6 22. Rde4 Bd7 23. Be5 Qg6 24. Qd2 Bf5 25. Rd4 f6 26. Bd6 Rxe1+ 27. Qxe1
Re8 28. Qd2 Be4 29. b5 Bxg2 30. Kxg2 Qb1 31. h4 Re1 32. Bf4 Rg1+ 33. Kf3 Qb3+
34. Qd3 Qxd3+ 35. Rxd3 Ra1 36. Rd4 Kf7 37. Bd2 Ra3+ 38. Kg4 Nc3 39. Rd7+ Kf8
40. Bxc3 Rxc3 41. Rxb7 cxb5 42. Rxb5 Rc4+ 43. f4 Rxa4 44. c6 Rc4 45. Rb8+ Ke7
46. Rb7+ Kd6 47. Rxa7 g6 48. Rxh7 Rxc6 49. Rh6 Ke7 50. Rxg6 Kf7 51. h5 Rc8 52.
Kh4 Rh8 53. g4 Rh7 54. g5 fxg5+ 55. Kxg5 Rh8 56. h6 Rh7 57. f5 1-0

[Event "Ä17Ï"]
[Site "Loo"]
[Date "2017.04.28"]
[Round "9.8"]
[White "Ãîðåíêîâà, Àííà."]
[Black "Ìàëîçåìîâà, Äàðüÿ."]
[Result "0-1"]
[WhiteElo "1488"]
[BlackElo "1687"]
[PlyCount "108"]
[EventDate "2017.04.20"]

1. d4 d5 2. Nf3 e6 3. c3 f5 4. Bg5 Nf6 5. Nbd2 Bd6 6. Ne5 O-O 7. e3 Nbd7 8. f4
Qe8 9. Bd3 c6 10. O-O Ne4 11. Bxe4 fxe4 12. Qe2 Be7 13. Bxe7 Qxe7 14. Qg4 Rf6
15. Nb3 Rh6 16. a4 Nf6 17. Qg3 Nd7 18. Qg4 Nxe5 19. fxe5 Bd7 20. Nc5 Be8 21.
Rf4 Bh5 22. Qg3 b6 23. Nb3 Rg6 24. Qh4 Qxh4 25. Rxh4 Bf3 26. g3 h5 27. Rf4 Rh6
28. h4 g5 29. hxg5 Rg6 30. Rf6 Rxg5 31. Kh2 Bg4 32. a5 Rb8 33. Ra2 Bf5 34. axb6
axb6 35. Ra7 Rg7 36. Ra6 h4 37. gxh4 Rg4 38. Kh3 Rg1+ 39. Kh2 Re1 40. h5 Rxe3
41. Kg2 Re2+ 42. Kf1 Rxb2 43. Ra3 e3 44. Ke1 Bd3 45. Ra1 Rxb3 46. Rf3 Rb1+ 47.
Rxb1 Bxb1 48. Rxe3 Bf5 49. Re2 Kh7 50. Ra2 Rb7 51. Ra8 Rc7 52. Rb8 c5 53. Kf2
Kh6 54. Rh8+ Kg5 0-1

[Event "Ä17Ï"]
[Site "Loo"]
[Date "2017.04.28"]
[Round "9.9"]
[White "Çàêàðÿí, Äèàíà."]
[Black "Óðâà÷¸âà, Àðèíà."]
[Result "0-1"]
[WhiteElo "1755"]
[BlackElo "1706"]
[PlyCount "90"]
[EventDate "2017.04.20"]

1. e4 e6 2. d4 d5 3. Nd2 c5 4. c3 Nc6 5. Ngf3 cxd4 6. cxd4 Bb4 7. e5 Nh6 8. a3
Be7 9. b4 Nf5 10. Nb3 a6 11. Bd3 O-O 12. Bxf5 exf5 13. O-O Be6 14. Ne1 b6 15.
f4 Qd7 16. Qh5 f6 17. Qe2 Bf7 18. Bb2 Na7 19. Rc1 Nb5 20. Nf3 Bh5 21. Qd3 Rac8
22. Rfe1 Bxf3 23. Qxf3 Rc4 24. Qd3 Rfc8 25. e6 Qd6 26. Qxf5 g6 27. Qg4 f5 28.
Qf3 Rxc1 29. Bxc1 Rc3 30. Qd1 Nc7 31. Bd2 Rc4 32. Qe2 Nb5 33. Rc1 Nxa3 34. Ra1
Nb5 35. Rxa6 Nc7 36. Ra7 Nxe6 37. Ra8+ Kf7 38. Qe3 Qc7 39. b5 Nxd4 40. Nxd4
Rxd4 41. Kf1 Qc4+ 42. Kf2 Re4 43. Qc3 Bc5+ 44. Kf3 Qe2+ 45. Kg3 Bf2+ 0-1

[Event "Ä17Ï"]
[Site "Loo"]
[Date "2017.04.28"]
[Round "9.10"]
[White "Àâåðèíà, Âåðà."]
[Black "Ðåâà, Ëþáîâü."]
[Result "1-0"]
[WhiteElo "1729"]
[BlackElo "1604"]
[PlyCount "61"]
[EventDate "2017.04.20"]

1. d4 Nf6 2. Bg5 Ne4 3. Bf4 e6 4. f3 Nf6 5. e4 Nc6 6. Nc3 Bb4 7. Bb5 a6 8. Ba4
b5 9. Bb3 Na5 10. Nge2 Nxb3 11. axb3 Bb7 12. O-O d5 13. e5 Nd7 14. Qe1 c5 15.
Qg3 cxd4 16. Qxg7 Rf8 17. Nxd4 Qb6 18. Nce2 O-O-O 19. Be3 Bc5 20. Bf2 Qc7 21.
f4 Nb6 22. Kh1 Qe7 23. Qf6 Qxf6 24. exf6 Rg8 25. Nxe6 fxe6 26. Bxc5 Nd7 27. Be7
d4 28. Rf2 Rde8 29. f7 Rgf8 30. fxe8=Q+ Rxe8 31. Bd6 1-0

[Event "Ä17Ï"]
[Site "Loo"]
[Date "2017.04.28"]
[Round "9.11"]
[White "Âàõðóøåâà, Âàëåðèÿ."]
[Black "Øìèäò, Êñåíèÿ."]
[Result "1/2-1/2"]
[WhiteElo "1313"]
[BlackElo "1490"]
[PlyCount "94"]
[EventDate "2017.04.20"]

1. d4 d5 2. Bf4 Nf6 3. Nf3 e6 4. e3 c5 5. c3 Nc6 6. Ne5 Bd6 7. Nxc6 bxc6 8. Bg5
O-O 9. Be2 h6 10. Bh4 cxd4 11. exd4 c5 12. O-O Be7 13. Bf3 Ba6 14. Re1 Rc8 15.
Be2 Bxe2 16. Rxe2 Ne4 17. Bxe7 Qxe7 18. Nd2 Nxd2 19. Qxd2 c4 20. Rae1 a5 21.
Re3 Qg5 22. Qe2 Rb8 23. Rg3 Qf6 24. Qd2 Kh8 25. Rh3 Qg6 26. Rg3 Qf6 27. Qc2 Rb7
28. Rb1 Rfb8 29. a4 Qe7 30. Re3 Rb3 31. f4 Qd7 32. g4 Qxa4 33. f5 exf5 34. Qxf5
Rxb2 35. Rbe1 Rf8 36. Qxd5 Qb5 37. Qe4 Qg5 38. h3 Qh4 39. Rf1 Kg8 40. d5 a4 41.
Qxc4 Qd8 42. Rd1 Qd6 43. Re2 Qg3+ 44. Kf1 Qxh3+ 45. Kf2 Qh4+ 46. Kg2 Rxe2+ 47.
Qxe2 Qf6 1/2-1/2

[Event "Ä17Ï"]
[Site "Loo"]
[Date "2017.04.28"]
[Round "9.12"]
[White "Ïîëÿíñêàÿ, Åëèçàâåòà."]
[Black "Áàðñêîâà, Ïîëèíà."]
[Result "1-0"]
[WhiteElo "1611"]
[BlackElo "1761"]
[PlyCount "65"]
[EventDate "2017.04.20"]

1. d4 d5 2. e3 Nf6 3. Bd3 c5 4. c3 e6 5. Nf3 Nc6 6. Ne5 Bd6 7. f4 O-O 8. O-O
Nd7 9. Nd2 f6 10. Qh5 h6 11. Qg6 Bxe5 12. Qh7+ Kf7 13. Bg6+ Ke7 14. Qxg7+ Kd6
15. fxe5+ fxe5 16. dxc5+ Kxc5 17. b4+ Kb6 18. Ba3 Qg5 19. Rxf8 Nxf8 20. Qxf8
Qxg6 21. Qc5+ Kc7 22. b5 Bd7 23. bxc6 bxc6 24. Qd6+ Kc8 25. Rf1 Qg7 26. Rf8+
Kb7 27. Qb4+ Kc7 28. Rxa8 Bc8 29. Rxa7+ Kd8 30. Rxg7 Bd7 31. Qb8+ Bc8 32. Qc7+
Ke8 33. Rg8# 1-0

[Event "Ä17Ï"]
[Site "Loo"]
[Date "2017.04.28"]
[Round "9.13"]
[White "Áàäìàåâà, Áàèíà."]
[Black "Àëåêñàíäðîâà, Åëèçàâåòà."]
[Result "1/2-1/2"]
[WhiteElo "1585"]
[BlackElo "1620"]
[PlyCount "115"]
[EventDate "2017.04.20"]

1. e4 c5 2. c3 d5 3. exd5 Qxd5 4. d4 cxd4 5. cxd4 Nc6 6. Nf3 e5 7. dxe5 Qxd1+
8. Kxd1 Bg4 9. Bb5 O-O-O+ 10. Ke1 Bxf3 11. gxf3 Nd4 12. Bd3 Nxf3+ 13. Ke2 Nxe5
14. Bf5+ Kc7 15. Bf4 Bd6 16. Nc3 a6 17. Nd5+ Kb8 18. Rac1 Nc6 19. Be3 Nge7 20.
Nxe7 Bxe7 21. Rc4 Rhe8 22. Rhc1 Bf6 23. Kf1 Bd4 24. Bf4+ Be5 25. Be3 h6 26. h3
Ne7 27. Be4 Nd5 28. a4 Nf6 29. Bf3 Rc8 30. Rb4 Rxc1+ 31. Bxc1 Re7 32. Be3 Ne8
33. Bg2 Rc7 34. Re4 Re7 35. Bc5 Re6 36. Rb4 Nd6 37. f4 Rf6 38. Bxd6+ Bxd6 39.
Rxb7+ Kc8 40. Ke2 Bxf4 41. Bd5 Bc7 42. Rb3 a5 43. Rf3 Rxf3 44. Kxf3 f6 45. Kg4
g6 46. Bf7 h5+ 47. Kh4 g5+ 48. Kxh5 Be5 49. b3 Kd7 50. Kg4 Kd6 51. Bc4 Kc5 52.
Be6 Kd4 53. Kf3 Bf4 54. Kg4 Ke5 55. Bf5 Bd2 56. Bc2 Kd4 57. Bf5 Ke3 58. Be6
1/2-1/2

[Event "Ä17Ï"]
[Site "Loo"]
[Date "2017.04.28"]
[Round "9.14"]
[White "×àãèíà, Óëüÿíà."]
[Black "Ìèíüêî, Îëüãà."]
[Result "1-0"]
[WhiteElo "1433"]
[BlackElo "1597"]
[PlyCount "85"]
[EventDate "2017.04.20"]

1. d4 d5 2. Nf3 Nf6 3. c4 dxc4 4. Qa4+ Nbd7 5. Nc3 a6 6. e4 e6 7. Bxc4 Rb8 8.
Qc2 b5 9. Bd3 c5 10. Bf4 Ra8 11. e5 Nh5 12. Bg5 Be7 13. Bxe7 Qxe7 14. d5 Nf4
15. Be4 exd5 16. Bxd5 Nxe5 17. Bxa8 Nxf3+ 18. Kf1 Nd4 19. Qe4 Nfe6 20. Bc6+ Kf8
21. Bd5 f5 22. Qe5 h6 23. Ne2 Nxe2 24. Qxe2 Qf6 25. Re1 Nc7 26. Bb3 c4 27. Bc2
Kf7 28. Qe5 Qd8 29. Bxf5 Re8 30. Qf4 Kg8 31. Rxe8+ Nxe8 32. Bc2 Nf6 33. Qc1 Bb7
34. h4 Qd5 35. f3 Nh5 36. Kf2 Qd4+ 37. Qe3 Qd8 38. Rd1 Qxh4+ 39. Kg1 Kf8 40.
Bg6 Bc6 41. Qc5+ Qe7 42. Rd8+ Be8 43. Rxe8# 1-0